000 01150nam a2200277Ia 4500
008 191128s9999 xx 000 0 und d
020 _a9580415412
082 _a658 .409
082 _b K85h
100 _aKume, Hitoshi, autor
245 0 _aHerramientas estadísticas básicas para el mejoramiento de la calidad /
245 0 _cHitoshi, Kume ; traducción, Eloisa Vasco ; Revisión técnica, Daniel Tarquino
260 _aBarcelona ; Bogotá
260 _bNorma,
260 _c1992
300 _a236 páginas
300 _b gráficos a blanco y negro
300 _c 24 cm
440 _aDesarrollo gerencial
500 _aIncluye datos biográficos del autor en contraportada.
505 _aCómo obtener datos -- El análisis de Pareto -- Diagramas de causa-efecto -- Los histogramas -- Los diagramas de dispersión -- Gráficas de control -- Aditividad de las varianzas
534 _pStatistical methods for quality improvement
546 _aTraducido del inglés
650 _aControl de calidad Estadística--Métodos gráficos Muestreo (estadística)--
799 _aVasco, Eloisa, traductor ; Tarquino, Daniel, revisor
999 _c6163
_d6163